00960nam a2200253 i 450000100060000000300090000600500170001500700030003200800410003502000170007608000080009310000330010124501270013426000410026130000360030249000350033850400420037365000400041570000360045583000430049185200330053499900170056795201220058469117ES-MaACL20250729053850.0t|040913s2002 gw ||||1| eng d a3-540-4271-5 a5321 aNekorkin, Vladimir I.98534710aSynergetic phenomena in active lattices b: patternes, waves, solitons, chaos / cVladimir I. Nekorkin, Manuel G. Velarde. aBerlin [etc.] : bSpringer, c[2002] aXVII, 357 p. : bil. ; c25 cm.1 aSpringer series in synergetics aIncluye referencias bibliográficas.17aDinámica de fluidos2embne9118901 aGarcía Velarde, Manuel9553820 aSpringer series in synergetics9230980 aES-MaACLjL-28051 bR.133861 c69117d69117 00104070aATENEOMbATENEOMcDEPO2d2008-01-17eSCl0oL-28051p1072376r2023-02-23 00:00:00w2023-02-23yMONOGRAFIA